MARC

LEADER 00000nam0a2200000 4500
001 63483
005 20231031064315.0
035 |a (RuTPU)RU\TPU\book\67373 
035 |a RU\TPU\book\36667 
090 |a 63483 
100 |a 20040513d1977 k y0rusy50 ca 
101 0 |a rus 
102 |a RU 
105 |a a g 000zy 
200 1 |a Методы очистки производственных сточных вод  |e Справочное пособие  |f А. И. Жуков, И. Л. Монгайт, И. Д. Родзиллер 
210 |a Москва  |c Стройиздат  |d 1977 
215 |a 208 с.  |c ил. 
610 1 |a сточные воды 
610 1 |a очистка 
610 1 |a механические методы 
610 1 |a физико-химические методы 
610 1 |a биологические методы 
610 1 |a осадки 
610 1 |a обработка 
610 1 |a очистные сооружения 
610 1 |a конструкции 
610 1 |a расчеты 
610 1 |a справочники 
675 |a 628.543(035)  |v 3 
700 1 |a Жуков  |b А. И.  |g Александр Иванович 
701 1 |a Монгайт  |b И. Л.  |g Исаак Львович 
701 1 |a Родзиллер  |b И. Д.  |g Иосиф Давыдович 
801 0 |a RU  |b 63413507  |c 20011210  |g PSBO 
801 2 |a RU  |b 63413507  |c 20170403  |g PSBO 
900 |a Технология защиты биосферы от промышленных выбросов 
900 |a Инженерные системы водоснабжения и водоотведения 
942 |c BK